[Event "AUS-ch Major"]
[Site "Sydney"]
[Date "2020.01.09"]
[Round "7"]
[White "Watson, Robert A"]
[Black "Farrell, Keith"]
[Result "1-0"]
[WhiteElo "1760"]
[BlackElo "1491"]
[PlyCount "33"]
[EventDate "2020.01.02"]
[EventType "swiss"]
[EventRounds "11"]
[EventCountry "AUS"]
[SourceTitle "EXT 2021"]
[Source "ChessBase"]
[SourceDate "2020.10.23"]
[SourceVersion "1"]
[SourceVersionDate "2020.10.23"]
[SourceQuality "1"]

1. d4 d5 2. Nf3 Nf6 3. e3 e6 4. Bd3 c5 5. b3 Be7 6. Nbd2 0-0 7. 0-0 Nc6 8. Bb2 Re8 9. Ne5 Nxe5 10. dxe5 Nd7 11. c4 Nb6 12. Qc2 g6 13. Rad1 f6 14. Bxg6 hxg6 15. Qxg6+ Kf8 16. exf6 Qd6 17. Qg7# 1-0

[Event "New South Wales op"]
[Site "Sydney"]
[Date "2016.06.11"]
[Round "1"]
[White "Watson, Robert A"]
[Black "Zhao, Zong Yuan"]
[Result "0-1"]
[WhiteElo "1810"]
[BlackElo "2541"]
[PlyCount "76"]
[EventDate "2016.06.11"]
[EventType "swiss"]
[EventRounds "7"]
[EventCountry "AUS"]
[SourceTitle "CBM 172 Extra"]
[Source "ChessBase"]
[SourceDate "2016.06.21"]
[SourceVersion "1"]
[SourceVersionDate "2016.06.21"]
[SourceQuality "1"]

1. c4 Nf6 2. g3 c6 3. Bg2 d5 4. d4 dxc4 5. Nf3 b5 6. a4 Bb7 7. Ne5 a6 8. 0-0 Nfd7 9. Nc3 Qc8 10. axb5 cxb5 11. e4 Nxe5 12. dxe5 e6 13. Be3 Nd7 14. f4 Bc5 15. Re1 0-0 16. Kh1 Qc7 17. Bxc5 Nxc5 18. Qd6 Rac8 19. Red1 Nd3 20. Rd2 g5 21. f5 Rfd8 22. Qxc7 Rxc7 23. fxe6 fxe6 24. Bh3 Re8 25. Rf1 b4 26. Na2 Bxe4+ 27. Kg1 Rc5 28. Nc1 Rxe5 29. Nxd3 Bxd3 30. Rf6 Kg7 31. Rf3 Rf8 32. Rxf8 Kxf8 33. Rf2+ Ke7 34. Bg4 c3 35. bxc3 bxc3 36. Ra2 Re1+ 37. Kf2 Rf1+ 38. Kg2 Rb1 0-1

[Event "IECG CN.1998.0.00087"]
[Site "IECG email"]
[Date "1998.10.26"]
[Round "?"]
[White "Sadler, Craig"]
[Black "Watson, Robert A"]
[Result "0-1"]
[WhiteElo "800"]
[BlackElo "800"]
[PlyCount "60"]
[EventDate "1998.10.26"]
[EventType "tourn (corr)"]
[EventRounds "6"]
[SourceTitle "Corr 2008"]
[Source "ChessBase"]
[SourceDate "2008.06.24"]
[SourceVersion "1"]
[SourceVersionDate "2008.06.24"]
[SourceQuality "1"]

1. e4 e5 2. f4 exf4 3. Nf3 g5 4. h4 g4 5. Ne5 Nf6 6. d4 d6 7. Nd3 Nxe4 8. Bxf4 Qe7 9. Be2 Bg7 10. Nc3 Bxd4 11. Nxe4 Qxe4 12. Bh6 Qxg2 13. Rf1 Qg3+ 14. Nf2 Bxb2 15. Rb1 Bc3+ 16. Qd2 Bxd2+ 17. Kxd2 Qxh4 18. Bb5+ c6 19. Rbe1+ Be6 20. Ne4 Qxh6+ 21. Re3 Qxe3+ 22. Kxe3 cxb5 23. Nxd6+ Ke7 24. Nxb5 Nc6 25. Nc7 Rad8 26. a4 a6 27. c4 Bxc4 28. Rc1 Ne5 29. Ke4 f6 30. Rc3 Rd3 0-1